| 000 | 00561nam a2200169Ia 4500 | ||
|---|---|---|---|
| 003 | OSt | ||
| 005 | 20260123132353.0 | ||
| 008 | 241202s9999 xx 000 0 und d | ||
| 040 | _c0 | ||
| 100 | _aPadhy, Atish Kumar | ||
| 245 | 0 |
_aEnergy (in) justice in solar power project development in India : _ba two-case study from western Odisha / _cAtish Kumar Padhy |
|
| 260 |
_aBangalore ; _bNLSIU, _c2023. |
||
| 300 |
_a114 p. : _c24 cm. |
||
| 700 | _aDr. Sneha Thapliyal - Supervisor | ||
| 856 | _uhttps://dans.nls.ac.in/handle/123456789/2138 | ||
| 942 |
_cDIS _2ddc |
||
| 999 |
_c213190 _d213190 |
||